Japan patterns of continuity
This book consists of the following many parts: nature, art, people, the ideographic space, the future of the past, maps of Japan.
Guardado en:
| Autor principal: | |
|---|---|
| Formato: | Libro |
| Lenguaje: | Undetermined |
| Publicado: |
Tokyo
Kodansha International
1971
|
| Etiquetas: |
Agregar Etiqueta
Sin Etiquetas, Sea el primero en etiquetar este registro!
|
| Thư viện lưu trữ: | Trung tâm Học liệu Trường Đại học Cần Thơ |
|---|
| LEADER | 00589nam a2200181Ia 4500 | ||
|---|---|---|---|
| 001 | CTU_113534 | ||
| 008 | 210402s9999 xx 000 0 und d | ||
| 082 | |a 915.2 | ||
| 082 | |b M311 | ||
| 100 | |a Maraini, Fosco | ||
| 245 | 0 | |a Japan patterns of continuity | |
| 245 | 0 | |c Fosco Maraini | |
| 260 | |a Tokyo | ||
| 260 | |b Kodansha International | ||
| 260 | |c 1971 | ||
| 520 | |a This book consists of the following many parts: nature, art, people, the ideographic space, the future of the past, maps of Japan. | ||
| 904 | |i Tuyến | ||
| 980 | |a Trung tâm Học liệu Trường Đại học Cần Thơ | ||